A little history of the world / (Record no. 76401)

MARC details
000 -LEADER
fixed length control field 00684nam a22002057a 4500
005 - DATE AND TIME OF LATEST TRANSACTION
control field 20130614124517.0
010 ## - LCCN (DPL NO)
LC control number ENG-107494
020 ## - INTERNATIONAL STANDARD BOOK NUMBER
International Standard Book Number 9780300143324
Terms of availability 815.00
035 ## - SYSTEM CONTROL NUMBER
System control number EN-91027
037 ## - SOURCE OF ACQUISITION
Source of stock number/acquisition DBAD/PUB
082 ## - DEWEY DECIMAL CLASSIFICATION NUMBER
Classification number 909
100 ## - MAIN ENTRY--PERSONAL NAME
Personal name Gombrich, E.H.
245 ## - TITLE STATEMENT
Title A little history of the world /
Statement of responsibility, etc by E. H. Gombrich ; translated by Caroline Mustill
260 ## - PUBLICATION, DISTRIBUTION, ETC. (IMPRINT)
Place of publication, distribution, etc London
Name of publisher, distributor, etc Yale University Press
Date of publication, distribution, etc 2010
300 ## - PHYSICAL DESCRIPTION
Extent xix,284p.:
Dimensions 22cm(pbk)
Other physical details ill.
520 ## - SUMMARY, ETC.
Summary, etc Presents a brief, narrative history of the world, from the Stone Age up to the end of World War II.
650 ## - SUBJECT ADDED ENTRY--TOPICAL TERM
Topical term or geographic name as entry element World history
700 ## - ADDED ENTRY--PERSONAL NAME
Personal name Mustill, Caroline
942 ## - ADDED ENTRY ELEMENTS (KOHA)
Source of classification or shelving scheme Dewey Decimal Classification
Item type English Books
Call number suffix GOM
Classification part 909
Holdings
Withdrawn status Lost status Not for loan Collection code Home library Current library Date acquired Source of acquisition Cost, normal purchase price Full call number Barcode Copy number Cost, replacement price Koha item type
    Not For Loan Non-fiction D.B.Act.Division D.B.Act.Division 31/05/2013 1 815.00 909 GOM EN-91027 1 815.00 English Books

© Delhi Public Library
Hit Counter
free hit counter